[Event "Champigny sur Marne op 6th"]
[Site "Champigny sur Marne"]
[Date "2006.02.18"]
[Round "3"]
[White "Pauvert, Alexandra"]
[Black "Mazaud, Emmanuel"]
[Result "0-1"]
[WhiteElo "1009"]
[BlackElo "1499"]
[PlyCount "36"]
[EventDate "2006.02.16"]
[EventType "swiss"]
[EventRounds "6"]
[EventCountry "FRA"]
[SourceTitle "EXT 2007"]
[Source "ChessBase"]
[SourceDate "2006.11.23"]
[SourceVersion "1"]
[SourceVersionDate "2006.11.23"]
[SourceQuality "1"]

1. e4 e5 2. Nf3 Nc6 3. Bc4 d6 4. Nc3 Nf6 5. d3 Be7 6. Bf4 exf4 7. Ng5 0-0 8. 0-0 Bg4 9. Qc1 Nh5 10. h3 Bd7 11. d4 Bxg5 12. h4 Bxh4 13. d5 Nd4 14. g3 Qg5 15. Qd1 f3 16. Bb5 Bxg3 17. Bxd7 Bf4+ 18. Kh1 Qg2# 0-1